HARRISON'S PRINCIPLES OF INTERNAL MEDICINE 2 VOLUME SET (Record no. 34980)

MARC details
000 -LEADER
fixed length control field 00419nam a22001697a 4500
003 - CONTROL NUMBER IDENTIFIER
control field SGT
020 ## - INTERNATIONAL STANDARD BOOK NUMBER
International Standard Book Number 9781285969905
082 ## - DEWEY DECIMAL CLASSIFICATION NUMBER
Classification number 616.024
Item number H25L
100 ## - MAIN ENTRY--PERSONAL NAME
Personal name LONGO, DAN L.
245 ## - TITLE STATEMENT
Title HARRISON'S PRINCIPLES OF INTERNAL MEDICINE 2 VOLUME SET
250 ## - EDITION STATEMENT
Edition statement 22ND
260 ## - PUBLICATION, DISTRIBUTION, ETC. (IMPRINT)
Place of publication, distribution, etc NEW YORK
Name of publisher, distributor, etc MCGRAW HILL PUB
Year of Publication 2025
300 ## - PAGE DESCRIPTION
No. of Pages 1839,3999
650 ## - SUBJECT ADDED ENTRY--TOPICAL TERM
Topical term or geographic name as entry element GENERAL MEDICINE
942 ## - ADDED ENTRY ELEMENTS (KOHA)
Source of classification or shelving scheme Dewey Decimal Classification
Koha item type Books
Holdings
Withdrawn status Lost status Source of classification or shelving scheme Damaged status Not for loan Collection code Home library Current library Shelving location Date acquired Vendor Name Cost, normal purchase price Volume Information (Serial or Books or Non-Book Material) SGTU Bill Number Total Checkouts Full call number Accession No. (Barcode) Date last seen Bill Date Koha item type
    Dewey Decimal Classification   Not For Loan MEDICAL SGT Medical Library SGT Medical Library Reference Book 01/06/2026 ABC DELHI 16080.00 VOL-I SGTU 23076   616.024 H25L FM16321 29/06/2026 01/06/2026 Books
    Dewey Decimal Classification   Not For Loan MEDICAL SGT Medical Library SGT Medical Library Reference Book 01/06/2026 ABC DELHI 16080.00 VOL-I SGTU 23076   616.024 H25L FM16322 29/06/2026 01/06/2026 Books
    Dewey Decimal Classification   Not For Loan MEDICAL SGT Medical Library SGT Medical Library Reference Book 01/06/2026 ABC DELHI   VOL-II SGTU 23076   616.024 H25L FM16323 29/06/2026 01/06/2026 Books
    Dewey Decimal Classification   Not For Loan MEDICAL SGT Medical Library SGT Medical Library Reference Book 01/06/2026 ABC DELHI   VOL-II SGTU 23076   616.024 H25L FM16324 29/06/2026 01/06/2026 Books